CNCO Quiz - Statistics

General Stats
  • This quiz has been taken 751 times
  • The average score is 10 of 15
Answer Stats
Question Answer % Correct
What is the name of the show where CNCO was formed? La Banda
100%
The remix of Reggaetón Lento is a collab between CNCO and Little Mix
100%
What countries are the boys from? Cuba, Dominican Republic, Mexico, Ecuador, Puerto Rico
97%
In what year was CNCO formed? 2015
91%
Which of these is NOT an album of CNCO? Press Start
84%
What was the name of their first tour? Más Allá Tour
75%
2 of the members have one name in common (in their full names). Guess the name and the members. Colón -- Erick and Zabdiel
69%
Name of their first single? Tan Fácil
66%
Who is the youngest member of the band? Erick
63%
...And in which season of the show? 1
56%
On whose birthday was CNCO formed? Zabdiel
56%
Who is the oldest member of the band? Christopher
53%
Which song does "Pretend" sample? Rhythm of the Night
38%
Who had a pet chicken as a child? Richard
38%
Who is the only vegetarian in the band? Zabdiel
25%
No matching quizzes found
Score Distribution
Percent of People with Each Score
Percentile by Number Answered
Your Score History
You have not taken this quiz